Time travel - Statistics

General Stats
  • This quiz has been taken 79 times
  • The average score is 5 of 14
Answer Stats
Question Answer % Correct
Who invented the flux capacitor? Emmett Brown
75%
In the 1968 film Planet of the Apes, how does the astronaut Taylor learn that he has travelled through time? He finds the Statue of Liberty partially buried
63%
Who invented the term 'time machine' and the concept behind it? H. G. Wells
63%
TARDIS Time and Relative Dimension in Space
63%
What theory posits that time travel may be impossible because a person travelling to the past would change the world in a way that would make their own life different or non-existent? The grandfather paradox
50%
In what year does Charlotte get stuck in Charlotte Sometimes? 1918
38%
What do Bill and Ted do when they visit the past on their excellent adventure? Abduct famous people
25%
What does Hermione Granger's time turner look like? An hourglass
25%
What time travel device is used by assassins who work for the Temps Commission? Briefcase
25%
Which of these people was not visited by Mr Peabody and Sherman using the Wayback machine? Queen Victoria
13%
In the film Sleeper, a man wakes up 200 years in the future, when scientists know that what is good for you? Steak, and cream pies
13%
To explore time travel, Project Tic-Toc built a device called the Time Tunnel. Who owned Project Tic-Toc? The US government
13%
In Tom's Midnight Garden, what is hidden in the past so that Tom can find it in his own time? Ice skates
0%
In The Navigator: A Medieval Odyssey, a group of 14th century Cumbrian villagers dig a tunnel to seek a great church that will protect them from the Black Death. Where do they find the church? New Zealand in 1988
0%
No matching quizzes found
Score Distribution
Percent of People with Each Score
Percentile by Number Answered
Your Score History
You have not taken this quiz